Planning Act 2008 (Record no. 109205)

MARC details
000 -LEADER
fixed length control field 01263cad a22002535a 4500
001 - CONTROL NUMBER
control field L146508
008 - FIXED-LENGTH DATA ELEMENTS--GENERAL INFORMATION
fixed length control field 090127e20090127xxk f f000 0 eng d
020 ## - INTERNATIONAL STANDARD BOOK NUMBER
International Standard Book Number 9781409810766
035 ## - SYSTEM CONTROL NUMBER
System control number (Sirsi) u146508
041 0# - LANGUAGE CODE
Language code of text/sound track or separate title eng
050 04 - LIBRARY OF CONGRESS CALL NUMBER
Classification number 711.1 $2 18
110 2# - MAIN ENTRY--CORPORATE NAME
Corporate name or jurisdiction name as entry element United Kingdom
Subordinate unit Department for Communities and Local Government
9 (RLIN) 4939
245 00 - TITLE STATEMENT
Title Planning Act 2008
Remainder of title consultation on list of statutory consultees for national policy statements
Medium [electronic resource]
260 ## - PUBLICATION, DISTRIBUTION, ETC.
Place of publication, distribution, etc. London
Name of publisher, distributor, etc. DCLG
Date of publication, distribution, etc. 2009
505 2# - FORMATTED CONTENTS NOTE
Formatted contents note Guide to the Planning Act 2008 -- Guide to how we are implementing the act -- Principles of the proposed regulations -- Consultation question
520 ## - SUMMARY, ETC.
Summary, etc. Consultation document seeks views on who should be statutory consultees prior to the designation of a document as a National Policy Statement (NPS) under the auspices of the Planning Act 2008.
520 ## - SUMMARY, ETC.
Summary, etc. Responses to this consultation must be received by 20 April 2009.
521 ## - TARGET AUDIENCE NOTE
Target audience note Advanced
590 ## - LOCAL NOTE (RLIN)
Local note KA NTK
650 24 - SUBJECT ADDED ENTRY--TOPICAL TERM
Topical term or geographic name entry element PLANNING ACT 2008
651 #4 - SUBJECT ADDED ENTRY--GEOGRAPHIC NAME
Geographic name England and Wales
Chronological subdivision 1543-
856 40 - ELECTRONIC LOCATION AND ACCESS
Uniform Resource Identifier <a href="https://www.communities.gov.uk/publications/planningandbuilding/consultationstatutoryconsultees">https://www.communities.gov.uk/publications/planningandbuilding/consultationstatutoryconsultees</a>
Public note View the item free of charge online at www.communities.gov.uk...
942 ## - ADDED ENTRY ELEMENTS (KOHA)
Suppress in OPAC 0
Holdings
Withdrawn status Lost status Source of classification or shelving scheme Damaged status Not for loan Home library Current library Shelving location Date acquired Total Checkouts Full call number Barcode Date last seen Copy number Price effective from Koha item type
    Dewey Decimal Classification     Virtual Virtual Online 27/01/2009   ONLINE PUBLICATION 146508-1001 06/08/2019 1 06/08/2019 Book